Loading...

Thrive in Genetics

Bibliographic Details
Main Author: THOMAS, Alison
Format: Printed Book
Published: New Delhi OUP 2013
Subjects:
LEADER 00517nam a2200205 4500
020
037 |c 654.5 
082 |a 576.5 THO 
100 |a THOMAS, Alison 
245 |a Thrive in Genetics  |h ENGLISH 
250
260 |a New Delhi  |b OUP  |c 2013 
300 |a 327  |f PB 
500 |a Rs.850, Dis. 23% 
590
630
650 |a Thrive in Genetics 
942 |c BK 
999 |c 173998  |d 173998 
952 |0 0  |1 0  |4 0  |6 576_500000000000000_THO  |7 0  |9 187426  |a BOT  |b BOT  |g 654.50  |l 0  |o 576.5 THO  |p BOT9257  |r 2019-10-25  |w 2019-10-25  |y BK